Saint-Jacques de Compostelle-Choix multiple - Statistics

General Stats
  • This quiz has been taken 6 times
  • The average score is 8 of 10
Answer Stats
Question Answer % Correct
Saint Jacques de Compostelle est connue pour être la destination d'un pélérinage chrétien célèbre
100%
Saint Jacques de Compostelle est la capitale de La Galice
100%
Cliquez sur les spécialités typiques de la région Poulpe, churrasco, tarte de Santiago, caldo verde
100%
Quel événement dans cette ville causa le 24 juillet 2013, 79 morts et 140 blessés? Un déraillement de train
100%
Laquelle de ces églises est la cathédrale de Saint Jacques de Compostelle?
80%
Saint-Jacques-de-Compostelle partage son nom espagnol avec la capitale du Chili
80%
Quel est l'emblème des pélérins de Saint Jacques de Compostelle? La coquille
80%
Quelles sont les langues officielles de Saint Jacques de Compostelle? espagnol et galicien
60%
Quel chemin de Saint Jacques de Compostelle est le plus fréquenté? Le chemin français
60%
Quel dirigeant espagnol est originaire de la ville? Mariano Rajoy Brey
60%
No matching quizzes found
Score Distribution
Percent of People with Each Score
Percentile by Number Answered
Your Score History
You have not taken this quiz